[Event "Tenerife-chT Preferente 1617"]
[Site "Tenerife"]
[Date "2017.01.14"]
[Round "3.3"]
[White "Villavicencio Martinez, Carlos Luis"]
[Black "Schneider Sanchez, Carlos Domingo"]
[Result "1/2-1/2"]
[WhiteElo "2128"]
[BlackElo "2038"]
[PlyCount "37"]
[EventDate "2016.12.10"]
[EventType "team-tourn"]
[EventRounds "14"]
[EventCountry "ESP"]
[SourceTitle "CBM 176 Extra"]
[Source "ChessBase"]
[SourceDate "2017.03.02"]
[SourceVersion "1"]
[SourceVersionDate "2017.03.02"]
[SourceQuality "1"]
[WhiteTeam "Laguna Cotelec"]
[BlackTeam "Rey Ahogado"]
[WhiteTeamCountry "ESP"]
[BlackTeamCountry "ESP"]

1. Nf3 c5 2. c4 Nc6 3. g3 g6 4. Bg2 Bg7 5. 0-0 e5 6. Nc3 Nge7 7. a3 0-0 8. Ne1 d6 9. Nc2 Be6 10. Ne3 Qd7 11. Ned5 Bh3 12. Ne4 Nxd5 13. Bxh3 Qxh3 14. cxd5 Ne7 15. Qb3 Qd7 16. d3 Kh8 17. Bg5 f5 18. Bxe7 Qxe7 19. Nd2 1/2-1/2

[Event "Santa Cruz de Tenerife op"]
[Site "Santa Cruz de Tenerife"]
[Date "2016.08.24"]
[Round "8"]
[White "Villavicencio Martinez, Carlos Luis"]
[Black "Abreu Suarez, Isauro"]
[Result "1/2-1/2"]
[WhiteElo "2129"]
[BlackElo "2004"]
[PlyCount "56"]
[EventDate "2016.08.08"]
[EventType "swiss"]
[EventRounds "9"]
[EventCountry "ESP"]
[SourceTitle "CBM 174 Extra"]
[Source "ChessBase"]
[SourceDate "2016.10.10"]
[SourceVersion "1"]
[SourceVersionDate "2016.10.10"]
[SourceQuality "1"]

1. e4 d5 2. exd5 Qxd5 3. Nc3 Qa5 4. d4 Nf6 5. Bd2 c6 6. Bc4 Bf5 7. Qe2 e6 8. d5 cxd5 9. Nxd5 Qd8 10. Ne3 Bg6 11. 0-0-0 Qc7 12. f4 Be7 13. Nf3 0-0 14. Rhe1 Nc6 15. g3 Rac8 16. Kb1 Rfd8 17. Bc3 Ne4 18. Be5 Qb6 19. Bb3 Na5 20. f5 Bxf5 21. Nxf5 exf5 22. Nd4 Bf6 23. Nxf5 Nxb3 24. axb3 Re8 25. Bxf6 Qxf6 26. Qf1 Nd2+ 27. Rxd2 Rxe1+ 28. Qxe1 Qxf5 1/2-1/2

[Event "Santa Cruz de Tenerife op"]
[Site "Santa Cruz de Tenerife"]
[Date "2016.08.22"]
[Round "6"]
[White "Villavicencio Martinez, Carlos Luis"]
[Black "Aguirre Lorenzo, Luis Francisco"]
[Result "1/2-1/2"]
[WhiteElo "2129"]
[BlackElo "1987"]
[PlyCount "47"]
[EventDate "2016.08.08"]
[EventType "swiss"]
[EventRounds "9"]
[EventCountry "ESP"]
[SourceTitle "CBM 174 Extra"]
[Source "ChessBase"]
[SourceDate "2016.10.10"]
[SourceVersion "1"]
[SourceVersionDate "2016.10.10"]
[SourceQuality "1"]

1. Nf3 Nf6 2. c4 e6 3. g3 d5 4. Bg2 Be7 5. 0-0 0-0 6. d4 c5 7. cxd5 exd5 8. Nc3 Nc6 9. Bg5 Be6 10. dxc5 Bxc5 11. Rc1 Be7 12. a3 h6 13. Bf4 a6 14. Na4 Ne4 15. Nd4 Nxd4 16. Qxd4 b5 17. Bc7 Bf6 18. Qd1 Qe7 19. Nb6 Ra7 20. Bxe4 Rxc7 21. Nxd5 Bxd5 22. Bxd5 Bxb2 23. Rxc7 Qxc7 24. Qb3 1/2-1/2

[Event "Santa Cruz de Tenerife op"]
[Site "Santa Cruz de Tenerife"]
[Date "2016.08.12"]
[Round "5"]
[White "Gonzalez Garcia, Zoilo"]
[Black "Villavicencio Martinez, Carlos Luis"]
[Result "1/2-1/2"]
[WhiteElo "1871"]
[BlackElo "2129"]
[PlyCount "24"]
[EventDate "2016.08.08"]
[EventType "swiss"]
[EventRounds "9"]
[EventCountry "ESP"]
[SourceTitle "CBM 174 Extra"]
[Source "ChessBase"]
[SourceDate "2016.10.10"]
[SourceVersion "1"]
[SourceVersionDate "2016.10.10"]
[SourceQuality "1"]

1. e4 c5 2. Nf3 e6 3. c3 d5 4. exd5 Qxd5 5. d4 Nf6 6. Na3 cxd4 7. Nb5 Na6 8. Nbxd4 Be7 9. Be2 0-0 10. 0-0 b6 11. Qb3 Nc5 12. Qxd5 Nxd5 1/2-1/2

[Event "Santa Cruz de Tenerife op"]
[Site "Santa Cruz de Tenerife"]
[Date "2016.08.10"]
[Round "3"]
[White "Martin Ortega, Oscar"]
[Black "Villavicencio Martinez, Carlos Luis"]
[Result "0-1"]
[WhiteElo "1909"]
[BlackElo "2129"]
[PlyCount "84"]
[EventDate "2016.08.08"]
[EventType "swiss"]
[EventRounds "9"]
[EventCountry "ESP"]
[SourceTitle "CBM 174 Extra"]
[Source "ChessBase"]
[SourceDate "2016.10.10"]
[SourceVersion "1"]
[SourceVersionDate "2016.10.10"]
[SourceQuality "1"]

1. e4 c5 2. Nf3 e6 3. d4 cxd4 4. Nxd4 a6 5. Bd3 Nc6 6. Nxc6 dxc6 7. 0-0 e5 8. Qe2 Nf6 9. b3 Bc5 10. Be3 Qb6 11. Re1 0-0 12. Nd2 Bxe3 13. Qxe3 Qc7 14. f3 b5 15. a4 Bb7 16. Rf1 Rad8 17. Rfd1 Qd6 18. Nf1 Qd4 19. Qxd4 Rxd4 20. Be2 Rfd8 21. c3 Rxd1 22. Rxd1 Rxd1 23. Bxd1 bxa4 24. bxa4 a5 25. Ne3 Ba6 26. Kf2 Nd7 27. Be2 Bxe2 28. Kxe2 Nb6 29. Kd2 f6 30. Kc2 Kf7 31. Kb3 Ke6 32. c4 Nd7 33. Ka3 g6 34. Nc2 Nc5 35. Na1 f5 36. Nb3 Nxb3 37. Kxb3 Kf6 38. exf5 Kxf5 39. g3 e4 40. f4 Kg4 41. Kc3 Kf3 42. Kd2 Kf2 0-1

[Event "Santa Cruz de Tenerife op"]
[Site "Santa Cruz de Tenerife"]
[Date "2016.08.08"]
[Round "1"]
[White "De La Rosa Baez, Carlos"]
[Black "Villavicencio Martinez, Carlos Luis"]
[Result "0-1"]
[WhiteElo "1481"]
[BlackElo "2129"]
[PlyCount "40"]
[EventDate "2016.08.08"]
[EventType "swiss"]
[EventRounds "9"]
[EventCountry "ESP"]
[SourceTitle "CBM 174 Extra"]
[Source "ChessBase"]
[SourceDate "2016.10.10"]
[SourceVersion "1"]
[SourceVersionDate "2016.10.10"]
[SourceQuality "1"]

1. Nf3 Nf6 2. c4 e6 3. g3 d5 4. e3 c5 5. Bg2 Nc6 6. b3 Be7 7. 0-0 0-0 8. Bb2 b6 9. Nc3 Bb7 10. cxd5 Nxd5 11. Nxd5 exd5 12. d4 Bf6 13. Rb1 Ba6 14. Re1 Nb4 15. Bf1 Bxf1 16. Rxf1 Nxa2 17. dxc5 bxc5 18. Bxf6 Qxf6 19. Qxd5 Nc3 20. Qxc5 Nxb1 0-1

[Event "Tenerife-chT Preferente 1516"]
[Site "Tenerife"]
[Date "2016.04.02"]
[Round "11.3"]
[White "Rodriguez Perez, Mauro"]
[Black "Villavicencio Martinez, Carlos Luis"]
[Result "1/2-1/2"]
[WhiteElo "1904"]
[BlackElo "2080"]
[PlyCount "27"]
[EventDate "2015.12.12"]
[EventType "team-tourn"]
[EventRounds "14"]
[EventCountry "ESP"]
[SourceTitle "EXT 2017"]
[Source "ChessBase"]
[SourceDate "2016.10.25"]
[SourceVersion "1"]
[SourceVersionDate "2016.10.25"]
[SourceQuality "1"]
[WhiteTeam "Canarias 64"]
[BlackTeam "Laguna Cotelec"]
[WhiteTeamCountry "ESP"]
[BlackTeamCountry "ESP"]

1. d4 Nf6 2. c4 e6 3. Nc3 Bb4 4. Nf3 d5 5. Qa4+ Nc6 6. cxd5 exd5 7. Bg5 h6 8. Bxf6 Qxf6 9. e3 0-0 10. Be2 Qg6 11. Nh4 Qg5 12. Nf3 Qg6 13. Nh4 Qg5 14. Nf3 1/2-1/2

[Event "Tenerife-chT Preferente 1516"]
[Site "Tenerife"]
[Date "2016.02.27"]
[Round "8.2"]
[White "Villavicencio Martinez, Carlos Luis"]
[Black "Lopez Pereyra, Antonio"]
[Result "1/2-1/2"]
[WhiteElo "2080"]
[BlackElo "2125"]
[PlyCount "94"]
[EventDate "2015.12.12"]
[EventType "team-tourn"]
[EventRounds "14"]
[EventCountry "ESP"]
[SourceTitle "EXT 2017"]
[Source "ChessBase"]
[SourceDate "2016.10.25"]
[SourceVersion "1"]
[SourceVersionDate "2016.10.25"]
[SourceQuality "1"]
[WhiteTeam "Laguna Cotelec"]
[BlackTeam "Rey Ahogado"]
[WhiteTeamCountry "ESP"]
[BlackTeamCountry "ESP"]

1. Nf3 d5 2. g3 e6 3. Bg2 f5 4. 0-0 Nf6 5. b3 c6 6. c4 Bd6 7. Bb2 Qe7 8. d4 0-0 9. Nbd2 Nbd7 10. Qc2 Ne4 11. e3 b6 12. cxd5 cxd5 13. Ne5 Ba6 14. Rfc1 Rac8 15. Qd1 Nxe5 16. dxe5 Ba3 17. Bxa3 Qxa3 18. Nxe4 dxe4 19. Bf1 Bxf1 20. Qxf1 Qb2 21. Qd1 Qxe5 22. Qd7 Ra8 23. Rd1 h5 24. h4 Qf6 25. Rac1 Rfe8 26. Qb7 Reb8 27. Qc7 Kh7 28. Kg2 a5 29. Rc6 Qg6 30. Rd7 Rc8 31. Qxb6 Qg4 32. Rcc7 Qf3+ 33. Kg1 Rxc7 34. Qxc7 Qg4 35. Qc6 Rf8 36. Qxe6 a4 37. Qd6 Rc8 38. Qd1 Qxd1+ 39. Rxd1 Rc2 40. Rd4 a3 41. Ra4 Rxa2 42. Ra6 Ra1+ 43. Kg2 a2 44. b4 Rb1 45. Rxa2 Rxb4 46. f3 Kg6 47. fxe4 fxe4 1/2-1/2

[Event "Tenerife-chT Preferente 1516"]
[Site "Tenerife"]
[Date "2016.02.20"]
[Round "7.3"]
[White "Rodriguez Falcon, Jesus Manuel"]
[Black "Villavicencio Martinez, Carlos Luis"]
[Result "0-1"]
[WhiteElo "1981"]
[BlackElo "2080"]
[PlyCount "77"]
[EventDate "2015.12.12"]
[EventType "team-tourn"]
[EventRounds "14"]
[EventCountry "ESP"]
[SourceTitle "EXT 2017"]
[Source "ChessBase"]
[SourceDate "2016.10.25"]
[SourceVersion "1"]
[SourceVersionDate "2016.10.25"]
[SourceQuality "1"]
[WhiteTeam "El Sauzal"]
[BlackTeam "Laguna Cotelec"]
[WhiteTeamCountry "ESP"]
[BlackTeamCountry "ESP"]

1. e4 c6 2. d3 d5 3. Nd2 e5 4. Ngf3 Bd6 5. g3 Nf6 6. Bg2 0-0 7. 0-0 Nbd7 8. Re1 Re8 9. c3 dxe4 10. dxe4 Qc7 11. Nc4 Bf8 12. a4 a5 13. Nfd2 b6 14. Qe2 Ba6 15. Bf1 Rad8 16. Qf3 Bc8 17. Ne3 Nc5 18. Bc4 Be6 19. Bxe6 Rxe6 20. Ndc4 Nb3 21. Rb1 b5 22. Na3 bxa4 23. Nac4 g6 24. g4 Rd3 25. Qe2 Qd8 26. Nd5 Rh3 27. Nxf6+ Qxf6 28. Be3 Qh4 29. f3 h5 30. Bf2 Qg5 31. Be3 Qh4 32. Bf2 Qg5 33. Be3 Bc5 34. Bxc5 Nxc5 35. Qe3 Qxe3+ 36. Rxe3 hxg4 37. Kg2 Rxf3 38. Rxf3 gxf3+ 39. Kxf3 0-1

[Event "Tenerife-chT Preferente 1516"]
[Site "Tenerife"]
[Date "2016.01.23"]
[Round "5.2"]
[White "Villavicencio Martinez, Carlos Luis"]
[Black "Perez Felipe, Marcos Adrian"]
[Result "1/2-1/2"]
[WhiteElo "2080"]
[BlackElo "2158"]
[PlyCount "26"]
[EventDate "2015.12.12"]
[EventType "team-tourn"]
[EventRounds "14"]
[EventCountry "ESP"]
[SourceTitle "CBM 170 Extra"]
[Source "ChessBase"]
[SourceDate "2016.02.25"]
[SourceVersion "1"]
[SourceVersionDate "2016.02.25"]
[SourceQuality "1"]
[WhiteTeam "Laguna Cotelec"]
[BlackTeam "Casa de Venezuela Ebano"]
[WhiteTeamCountry "ESP"]
[BlackTeamCountry "ESP"]

1. Nf3 Nf6 2. c4 e6 3. g3 b6 4. Bg2 Bb7 5. 0-0 Be7 6. d4 0-0 7. Nc3 Ne4 8. Nxe4 Bxe4 9. Ne1 Bxg2 10. Nxg2 d5 11. Qa4 dxc4 12. Qxc4 c5 13. dxc5 Bxc5 1/2-1/2

[Event "Tenerife-chT Preferente 1516"]
[Site "Tenerife"]
[Date "2016.01.16"]
[Round "4.3"]
[White "Villavicencio Martinez, Carlos Luis"]
[Black "Rodriguez Perez, Mauro"]
[Result "1-0"]
[WhiteElo "2080"]
[BlackElo "1904"]
[PlyCount "141"]
[EventDate "2015.12.12"]
[EventType "team-tourn"]
[EventRounds "14"]
[EventCountry "ESP"]
[SourceTitle "CBM 170 Extra"]
[Source "ChessBase"]
[SourceDate "2016.02.25"]
[SourceVersion "1"]
[SourceVersionDate "2016.02.25"]
[SourceQuality "1"]
[WhiteTeam "Laguna Cotelec"]
[BlackTeam "Canarias 64"]
[WhiteTeamCountry "ESP"]
[BlackTeamCountry "ESP"]

1. Nf3 d5 2. d4 Nf6 3. g3 c6 4. Bg2 Bf5 5. 0-0 e6 6. Nbd2 Bd6 7. b3 Nbd7 8. Bb2 Ne4 9. c4 0-0 10. cxd5 Nxd2 11. Nxd2 exd5 12. f3 Qb6 13. e4 dxe4 14. fxe4 Bg6 15. Kh1 f6 16. Qg4 f5 17. exf5 Nf6 18. Qg5 Bf7 19. Rae1 h6 20. Qh4 Bb4 21. Re2 Bxd2 22. Rxd2 Qa5 23. Bc1 Rfe8 24. Rdf2 Bd5 25. Bxh6 Bxg2+ 26. Rxg2 Re4 27. Bf4 Qxf5 28. Qg5 Qxg5 29. Bxg5 Nh7 30. Bc1 Rxd4 31. Re2 Rad8 32. Kg2 b6 33. h4 c5 34. Re7 R4d7 35. Rff7 Rxe7 36. Rxe7 a5 37. Rb7 c4 38. bxc4 Rc8 39. Bb2 Nf6 40. Rxb6 Ne8 41. Kh3 Rxc4 42. Rb7 a4 43. Ba3 Rc2 44. Rb4 Rxa2 45. Rxa4 Nc7 46. Ra5 Nd5 47. Rxd5 Rxa3 48. h5 Kh7 49. Kh4 g6 50. Rd7+ Kg8 51. hxg6 Ra5 52. g4 Rb5 53. Rf7 Rb1 54. Kg5 Rg1 55. Re7 Ra1 56. Rc7 Rg1 57. Rc8+ Kg7 58. Rc7+ Kg8 59. Rb7 Ra1 60. Rb8+ Kg7 61. Rb7+ Kg8 62. g7 Ra5+ 63. Kh6 Ra6+ 64. Kh5 Rh6+ 65. Kg5 Rg6+ 66. Kf5 Rxg7 67. Rxg7+ Kxg7 68. Kg5 Kh7 69. Kf6 Kg8 70. g5 Kf8 71. g6 1-0

[Event "Tenerife-chT Primera 1516"]
[Site "Tenerife"]
[Date "2016.01.09"]
[Round "3.1"]
[White "Rivas Crespo, Alexander"]
[Black "Villavicencio Martinez, Carlos Luis"]
[Result "1/2-1/2"]
[WhiteElo "2089"]
[BlackElo "2080"]
[PlyCount "38"]
[EventDate "2015.12.12"]
[EventType "team-tourn"]
[EventRounds "14"]
[EventCountry "ESP"]
[SourceTitle "CBM 170 Extra"]
[Source "ChessBase"]
[SourceDate "2016.02.25"]
[SourceVersion "1"]
[SourceVersionDate "2016.02.25"]
[SourceQuality "1"]
[WhiteTeam "Circulo de Amistad"]
[BlackTeam "Laguna Cotelec II"]
[WhiteTeamCountry "ESP"]
[BlackTeamCountry "ESP"]

1. Nf3 c5 2. c4 Nf6 3. Nc3 e6 4. d4 cxd4 5. Nxd4 b6 6. Ndb5 d6 7. Bf4 e5 8. Bg5 a6 9. Bxf6 gxf6 10. Qd5 axb5 11. Qxa8 Be6 12. cxb5 d5 13. Rd1 Qc7 14. Rxd5 Bxd5 15. Qxd5 Bb4 16. Qf3 Ke7 17. a3 Bxc3+ 18. Qxc3 Qxc3+ 19. bxc3 Nd7 1/2-1/2

[Event "Tenerife Verano op"]
[Site "Tenerife"]
[Date "2015.08.26"]
[Round "8"]
[White "Bernad Millan, Ignacio"]
[Black "Villavicencio Martinez, Carlos Luis"]
[Result "1/2-1/2"]
[WhiteElo "1874"]
[BlackElo "2086"]
[PlyCount "66"]
[EventDate "2015.08.10"]
[EventType "swiss"]
[EventRounds "9"]
[EventCountry "ESP"]
[SourceTitle "EXT 2016"]
[Source "ChessBase"]
[SourceDate "2015.10.08"]
[SourceVersion "1"]
[SourceVersionDate "2015.10.08"]
[SourceQuality "1"]

1. e4 c5 2. Nf3 d6 3. d4 cxd4 4. Nxd4 Nf6 5. Nc3 e6 6. Be2 Be7 7. Be3 a6 8. f4 Qc7 9. 0-0 0-0 10. f5 e5 11. Nb3 b5 12. a3 Bb7 13. Bf3 Nbd7 14. g4 Nb6 15. g5 Nfd7 16. Nd2 Rac8 17. Bg2 f6 18. h4 Nc5 19. Qh5 Rfd8 20. Nd5 Bxd5 21. exd5 Nc4 22. Nxc4 bxc4 23. Rf3 Rb8 24. Rb1 Rb5 25. Rg3 Nd7 26. g6 Nf8 27. Bh6 hxg6 28. fxg6 f5 29. Qxf5 Bf6 30. Bg5 Qd7 31. Qe4 Qa7+ 32. Be3 Qb7 33. h5 Rxb2 1/2-1/2

[Event "Tenerife Verano op"]
[Site "Tenerife"]
[Date "2015.08.21"]
[Round "6"]
[White "Pinto Henriquez, Rodrigo"]
[Black "Villavicencio Martinez, Carlos Luis"]
[Result "1/2-1/2"]
[WhiteElo "2178"]
[BlackElo "2086"]
[PlyCount "165"]
[EventDate "2015.08.10"]
[EventType "swiss"]
[EventRounds "9"]
[EventCountry "ESP"]
[SourceTitle "EXT 2016"]
[Source "ChessBase"]
[SourceDate "2015.10.08"]
[SourceVersion "1"]
[SourceVersionDate "2015.10.08"]
[SourceQuality "1"]

1. d4 Nf6 2. c4 e6 3. Nf3 d5 4. Nc3 Bb4 5. Bg5 Nbd7 6. e3 c5 7. cxd5 exd5 8. Be2 Qa5 9. 0-0 Bxc3 10. bxc3 Ne4 11. Bd3 c4 12. Bxe4 dxe4 13. Ne5 Nb6 14. Qh5 Be6 15. Be7 Qd5 16. Qg5 Rg8 17. Bb4 f6 18. Qh5+ Bf7 19. Qxf7+ Qxf7 20. Nxf7 Kxf7 21. Rfc1 Nd5 22. Rab1 Rgd8 23. Ba3 Rd7 24. Kf1 b6 25. Ke2 Re8 26. Kd2 f5 27. g3 g5 28. Rg1 Rg8 29. Rb5 Ke6 30. Rh1 Rg6 31. h4 Rh6 32. Rbb1 gxh4 33. gxh4 Rg6 34. Rbc1 Rg2 35. Ke1 Rdg7 36. Kf1 h5 37. Bf8 Rg8 38. Bh6 R2g6 39. Bg5 R6g7 40. Ke2 Rb7 41. f3 Rf7 42. Rhf1 Rgf8 43. f4 Rg8 44. a4 a6 45. Kd2 Rb7 46. Ra1 Rgb8 47. Rg1 Rg8 48. Rgb1 Kd6 49. Ra3 Kc6 50. Rba1 Rgb8 51. Rg1 Rg8 52. Rb1 Rgb8 53. Rg1 b5 54. axb5+ Rxb5 55. Rxa6+ Kd7 56. Ra7+ Kc8 57. Rc1 Rb2+ 58. Rc2 Rxc2+ 59. Kxc2 Nxe3+ 60. Kd2 Nd5 61. Ra5 e3+ 62. Kc2 e2 63. Rc5+ Kb7 64. Kd2 Re8 65. Ke1 Nxc3 66. Rxc4 Re3 67. Bf6 Rd3 68. Rxc3 Rxc3 69. Kxe2 Rh3 70. d5 Kc7 71. Be7 Kd7 72. d6 Rb3 73. Kf2 Ke6 74. Ke2 Rb4 75. Ke3 Re4+ 76. Kf3 Rd4 77. Ke3 Rd1 78. Ke2 Rxd6 79. Bxd6 Kxd6 80. Kd2 Kc6 81. Kc2 Kb6 82. Kd3 Kc5 83. Kc3 1/2-1/2